Meghalaya state district profile 1991 (Record no. 487984)

000 -LEADER
fixed length control field 00397cam a22001337a 4500
008 - FIXED-LENGTH DATA ELEMENTS--GENERAL INFORMATION
fixed length control field 180718b1999 xxu||||| |||| 00| 0 eng d
082 ## - DEWEY DECIMAL CLASSIFICATION NUMBER
Classification number A81x54 91/16DP
100 ## - MAIN ENTRY--PERSONAL NAME
Personal name Census of India 1991
245 ## - TITLE STATEMENT
Title Meghalaya state district profile 1991
260 ## - PUBLICATION, DISTRIBUTION, ETC.
Place of publication, distribution, etc. Delhi
Name of publisher, distributor, etc. The Controller of Publications
Date of publication, distribution, etc. 1999
300 ## - PHYSICAL DESCRIPTION
Extent 89+p.
440 ## - SERIES STATEMENT/ADDED ENTRY--TITLE
Title Census of India 1991. Meghalaya.
650 ## - SUBJECT ADDED ENTRY--TOPICAL TERM
Topical term or geographic name entry element Meghalaya - Census
Holdings
Withdrawn status Lost status Damaged status Not for loan Permanent Location Current Location Date acquired Full call number Barcode Date last seen Price effective from Koha item type
        Indian Institute of Public Administration Indian Institute of Public Administration 2018-08-04 A81x54 91/16DP G19513 2018-08-04 2018-08-04 G
        Indian Institute of Public Administration Indian Institute of Public Administration 2018-08-04 A81x54 91/16DP G19454 2018-08-04 2018-08-04 G

Powered by Koha